000 00389cam a2200157ua 4500
041 _aeng
_h
082 _a828.09
_bPER/QU
100 _aPerkins, David .
245 _aQuest for performance /
_cDavid perkins.
_hTextual Documents
250 _a1 /
_b.
260 _aLondon :
_bHarward University Press ,
_c1959.
300 _a305 ; .
504 _a
942 _cBK
999 _c8611
_d8611